000 00462nam a22001337a 4500
008 230627b xxu||||| |||| 00| 0 eng d
020 _a9966996702
082 _a333.916
_bKIM
100 _cPeter Kimuyu
245 _aWater Sources and use in Semi-Arid Africa:
_bInsights from machakos District, Kenya
_cOccasional Paper No.OP/01/98
_hSeptember, 1998
260 _aKenya
_bInstitute of Policy Analysis and Research
_cseptember 1998
300 _a52p
942 _2ddc
_cBK
999 _c2903
_d2903